América latina: crisis y prospectiva de la educación /
Guardado en:
| Autor Principal: | |
|---|---|
| Formato: | Libro |
| Publicado: |
Buenos Aires :
Rei / Instituto de Educaci¢n y Acci¢n Social / Aique,
1990
|
| Series: | Cuadernos
|
| Materias: | |
| Etiquetas: |
Agregar Etiqueta
Sin Etiquetas, Sea el primero en etiquetar este registro!
|
| LEADER | 00813nam a22002175a 4500 | ||
|---|---|---|---|
| 001 | CEM.cems006906 | ||
| 005 | 20060214000000.0 | ||
| 008 | 130507s1990##################000#0#####d | ||
| 003 | CEMS | ||
| 082 | 0 | 4 | |a 370.980 |
| 100 | 1 | |a Puiggrós, Adriana | |
| 245 | 1 | 0 | |a América latina: crisis y prospectiva de la educación / |
| 260 | |a Buenos Aires : |b Rei / Instituto de Educaci¢n y Acci¢n Social / Aique, |c 1990 | ||
| 300 | |a 47 p. | ||
| 490 | 0 | |a Cuadernos | |
| 505 | 0 | |a Am'rica Latina cruzada por la cr¡sis de la educaci¢n.- Algunos lineamientos prospectivos.- Prioridades de la educaci¢n latinoamericana hasta 1995 | |
| 653 | |a America latina-educacion | ||
| 653 | |a Educacion | ||
| 653 | |a Educacion latinoamericana | ||
| 653 | |a Educacion y trabajo | ||
| 859 | |a CEMS |b BIB. CEMS - 11 de abril |h 370.980 |i P964 |p 15918.90 |t Ej.1 | ||
